Statistiken für Liedtext - Lieder (Adel Tawil)

Klicken Sie hier um das Quiz zu spielen!

Allgemein

  • Dieses Quiz wurde 2.672 mal gespielt
  • Das Durchschnittsergebnis liegt bei 298 aus 361

Antwortstatistiken

Antwort% Korrekt
Ich
99%
ich
99%
ein
97%
mit
97%
war
96%
War
96%
die
95%
in
95%
In
95%
und
95%
Und
95%
wie
95%
für
93%
Hab
93%
hab
93%
Lieder
93%
mich
93%
Ägypter
92%
den
92%
diese
92%
ging
92%
Im
92%
im
92%
singe
92%
Augen
90%
geweint
90%
mein
90%
Stein
90%
Tauben
90%
Tränen
90%
nicht
89%
rollender
89%
So
88%
tanz
88%
es
86%
Held
85%
sang
85%
sein
85%
wir
85%
glauben
84%
kann
84%
nie
84%
Sonne
84%
will
84%
Maria
83%
Regen
83%
allein
82%
lässt
82%
lila
82%
untergehen
82%
Welt
82%
Feuerstarter
81%
steh
81%
lieben
80%
Michael
80%
Dornenwald
79%
immer
79%
ließ
79%
84
78%
Armen
78%
deinen
78%
Tag
78%
Voodoo-Kind
78%
wird
78%
Bochum
77%
Lieder
77%
meiner
77%
wundervollen
77%
dann
73%
der
72%
für'n
72%
starb
72%
uns
72%
doch
71%
EMF
70%
sie
70%
Whitney
70%
einer
69%
bin
68%
von
68%
auf
66%
ne
66%
fünf
65%
Jesus
65%
Jungs
65%
eigenen
64%
Land
64%
stand
64%
Stern
64%
Zeit
64%
Bowie
63%
Dschungel
63%
Ewigkeit
63%
König
63%
noch
63%
nur
63%
Rio
63%
am
62%
erinnerte
62%
fremd
62%
lange
62%
persönlicher
62%
selben
62%
unendlich
62%
vom
62%
vorbei
62%
waren
62%
werd
62%
entfernt
61%
Flammen
61%
Hand
61%
mir
61%
singen
61%
soll
61%
traf
61%
Welten
61%
wollen
61%
aus
60%
Baby
60%
Ende
60%
jetzt
60%
kommen
60%
stehen
60%
tanzen
60%
Verlierer
60%
war's
60%
Cover
59%
Gehirn
59%
hielt
59%
krank
59%
sagte
59%
Straße
59%
wann
59%
willkommen
59%
angelangt
58%
berühmt
58%
darauf
58%
frage
58%
total
58%
Kurt
57%
Cobain
56%
Mensch
56%
One
49%
Minute
48%
Denn
46%

Verteilung der Resultate

Perzentil nach korrekt beantworteten Fragen

Anzahl Personen mit jedem Resultat

Ihre Resultats-Entwicklung

Sie haben dieses Quiz noch nicht gespielt